Quizzes
Events
Quiz Creation
Community
Videos
Private Events
Remove Ads
Sign In
Join for FREE
Feedback
Dark Mode
Quiz Categories
Sports
Geography
Music
Movies
Television
Just For Fun
Miscellaneous
History
Literature
Language
Science
Gaming
Entertainment
Religion
Holiday
For Kids
Quiz Lab
Recent
Popular Today
Quiz Kudos Today
Editor Picks
Curator Picks
Quizzes by...
Day
Popularity
Type
Ratings
Length
Year
Community
Subscriptions
Recent Discussions
Orange Saloon
Badges
Playlists
Quests
Create
Leaderboards
Showdown
Live 5
Trivia Bingo
Activity
Puzzle Library
Sporcle Events
Private Events
Virtual Trivia
Globe League
Become a Host
Pub Owners
SporcleCon
Opinionation
Our Games
Videos
Blog
Mobile Apps
Partnerships
Remove Ads and Go Orange
Feedback
Science
Computer
Plants
Astronomy
Chemistry
Elements
Math
Animal
Physics
Anatomy
Biology
Geology
General Science
Science
Computer
Plants
Astronomy
Chemistry
Elements
Math
Animal
Physics
Anatomy
Biology
Geology
General Science
Random Quiz
Search Sporcle
×
Quiz Lab
Quiz Lab
Science
Review
Type in answers that appear in a list
Type in answers that appear in a list
Classic
Best Score? Go Orange.
Midterm Review Stats
Can you name the correct answers for your midterm?
By
tiki_science
15m
30 Questions
164 Plays
164 Plays
164 Plays
Comments
Comments
Give Quiz Kudos
Give Quiz Kudos
-
- Ratings
hide this ad
Forced Order
Answers have to be entered in order
Answers have to be entered in order
Random Order
Randomize order of answers
Randomize order of answers
Replay
Link that replays current quiz
Next Quiz
Link to next quiz in quiz playlist
You Got
0%
They Got
Avg Score
59%
Avg Friend Score
Upgrade to see
Score Distribution
Jump to the score distribution portion of the page
Score
0/30
Timer
15:00
0
Plays Today
Answer words or phrases
% Correct
How many dots are in the electron dot diagram for Chlorine?
Seven
70.7%
Do nonmetals have a high or low electronegativity?
High Electronegativity
70.7%
What is the term used when a solid turns into a gas?
Sublimation
70.1%
What is the common name for NaCl?
Table Salt
70.1%
Deposition is the phase change from _
_
_
_
_
_
_
to _
_
_
_
_
_
_
_
Gas to Solid
69.5%
How many valence electrons does Oxygen have?
Six
68.9%
What form of matter has no definite shape or definite volume?
Gas
68.3%
Name one letter that stands for a sub orbital shape in the electron configuration of an atom.
s, p, d, or f
67.7%
What is the phase change from a gas to a liquid called?
Condensation
67.7%
What group on the periodic table has a full electron shell?
Noble Gases
66.5%
Down a group, ionization energy _
_
_
_
_
_
_
_
_
_
.
Decreases
65.9%
Stable atoms have a net charge of _
_
_
_
_
_
_
.
zero
64.6%
If the electronegativity difference is greater than 2.0, what kind of bond is occuring?
Ionic
62.8%
What two factors affect phase change?
Temperature and Pressure
62.2%
Which subatomic particle affects the isotope of an atom?
neutron
62.2%
Answer words or phrases
% Correct
How many valence electrons does a Cl^ -
1
eight
61.6%
What are protons and neutrons made of?
Quarks
61%
What family of elements on the periodic table have properties of both metals and non-
metals?
Metalloids
61%
Which property of elements tends to decrease across a period and increase down a group?
Atomic Radius
59.1%
Covalent bonds share electrons _
_
_
_
_
_
_
_
.
Equally
57.9%
If the electronegativity difference is less than 0.5, what kind of bond is occuring?
Non-polar covalent
57.3%
What is the point at which a liquid starts to become a gas?
The Boiling Point
55.5%
# of naturally occurring elements on the periodic table
91
53%
The name of the point on a phase diagram where all three phases of matter exist in equalibrium
Triple Point
53%
What do the super script numbers in an electron configuration represent?
number of electrons
50%
What type of ion do charged metals usually form?
Anions
48.2%
What family is Group 1 on the Periodic Table?
Alkali Metals
45.7%
Fill in the balnk: Smallest to Largest SI Unit Prefixezs: _
_
_
_
_
_
_
, nano, _
_
_
_
_
_
, mili, centi, _
_
_
_
_
_
, _
_
_
_
_
_
, hecto, kilo, _
_
_
_
_
_
_
, _
_
_
_
_
_
_
, tera.
pico, micro, deci, deka, mega, giga
43.3%
Forms of the same element which exhibit different physical properties are called what?
Allotropes
41.5%
What is the lowest temperature in Kelvin equal to -
273 deg C
0K
39%
Quiz Playlist
Details
Report
Send in Message
Add To Playlist
Classic:
Type in answers that appear in a list
Forced Order:
Answers have to be entered in order
Random Order:
Randomize order of answers
Last Updated: Feb 16, 2017
Quiz Scoreboard
CHALLENGE
Sign Up to Join the Scoreboard
Show All
Scores
Hide
Comments
May contain spoilers
Recently Published
College Basketball Coaching Resumes
by pancakes188
Sports
9m
Billboard Blitz: Fleetwood Mac
by CooCooCachoo
Music
15s
Presidents Visiting Landmarks
by Hejman
History
7m
More to Explore
Quiz From the Vault
Featured Blog Post
Where Did the Easter Bunny Come From?
hide this ad
You Might Also Like...
Tags
Midterm
phrase
Review
Today's Top Quizzes in Science
Browse Science
hide this ad
Today's Top Quizzes in Review
Browse Review
Top Contributed Quizzes in Science
1
Quick Pick: Radians
2
Quick Pick: 'CI-CJ' Animals
3
The First 100 Digits of Pi
4
Elements In Images
5
One Thing in Common: Science
6
Science Jokes
7
Name the Acid, Base or Salt
8
One Thing in Common: Science II
9
One Thing in Common: Science III
10
One Thing in Common: Animals
Explore More
Trending Topics
Crossword
Anime
Kpop
Disney
Marvel
Harry Potter
NBA
NFL
Pokémon
Puzzle
Soccer
WWE
Country
The Office
Song
hide this ad
More By:
tiki_science
Quiz
Plays
Rating
Category
Featured
Created
Get Energized!
1,095
3.25
Science
Apr 24, 2011
Get Energized - Waves
777
4.00
Science
May 12, 2011
HEAT - THE TRANSFER OF ENERGY
453
Science
Apr 12, 2012
Earth and Space Challenge
264
3.00
Science
Jun 2, 2011
Atoms and Bonding
258
Science
Nov 14, 2011
Go to Creator's Profile
Score Distribution
Quiz Creator Spotlight
tiki_science
Follow
Send a Message
Quizzes Created
-
Created Quiz Play Count
-
More By This Creator
Popular Quizzes Today
1
Find the US States - No Outlines Minefield
2
Find the Countries of Europe - No Outlines Minefield
3
The Countries of the World
4
Find the US States
5
Risky Map Clicking: Biggest States A-Z
6
US States
7
Popular People in 1961
8
Movies - When Are They Set?
More Science Quizzes
Click Crowds: Animals by Latin Names
Quiz Lab
Trending Quizzes
Risky Map Clicking: Least Populous States A-Z
1-10 Letter G Words
1-10 Letter F Words
Risky Map Clicking: Next State Alphabetically
Risky Map Clicking: Biggest States A-Z
Recently Updated
Leaping Animals
pecheneg
Reality TV Shows (A-Z)
bhenderson79
Rickey Henderson's Hall of Fame Teammates
pecheneg
Champions League XIs: Arsenal
pecheneg
Quick Pick: Celebrities in WWE's Hall of Fame
aduchscher
A-Z Keypad Blitz II
pecheneg
Multiple Oscar Actors
pecheneg
Mystery Phrase Blitz: Oscar 'Best Actors'
pecheneg
F. Scott Fitzgerald Novels
LTH
Pick 3 Villains
ddd62291
Trending Topics
Disney
Kpop
Marvel
Crossword
NBA
Anime
Harry Potter
Country
Song
NFL
Puzzle
WWE
The Office
Pokémon
Soccer
Your Account Isn't Verified!
In order to create a playlist on Sporcle, you need to verify the email address you used during registration. Go to your
Sporcle Settings
to finish the process.
Report this User
Report this user for behavior that violates our
Community Guidelines
.
Details:
Send Report
Go to the Sporcle.com Mobile Site →
Comments